K možnostiam aplikácie didaktických hier v rozvoji sociálno-komunikačných zručností manažérov
Súčasné informácie a skúsenosti z aplikácie didaktických hier v procese výučby a rozvoja komunikačných zručností študentov EU v Bratislave, ako aj v nadstavbovom štúdiu absolventov EU v Bratislave v rámci kurzov a celoživotného vzdelávania.
Enregistré dans:
| Auteur principal: | |
|---|---|
| Autres auteurs: | , |
| Format: | Chapitre de livre |
| Langue: | slovaque |
| Sujets: | |
| Tags: |
Pas de tags, Soyez le premier à ajouter un tag!
|
MARC
| LEADER | 00000naa$a2200000$$$4500 | ||
|---|---|---|---|
| 001 | 0095287 | ||
| 005 | 20240502072049.0 | ||
| 041 | 0 | |a slo | |
| 044 | |a SK | ||
| 245 | 1 | 0 | |a K možnostiam aplikácie didaktických hier v rozvoji sociálno-komunikačných zručností manažérov |c Miroslava Szarková, Alexandra Drgová, Oľga Ružičková |
| 520 | |a Súčasné informácie a skúsenosti z aplikácie didaktických hier v procese výučby a rozvoja komunikačných zručností študentov EU v Bratislave, ako aj v nadstavbovom štúdiu absolventov EU v Bratislave v rámci kurzov a celoživotného vzdelávania. | ||
| 610 | 2 | 0 | |a hry |
| 610 | 2 | 0 | |a komunikácia marketingová |
| 610 | 2 | 0 | |a zručnosti |
| 610 | 2 | 0 | |a študenti |
| 610 | 2 | 0 | |a manažéri |
| 610 | 2 | 0 | |a teória a prax |
| 100 | 1 | |a Szarková, Miroslava, 1951- | |
| 700 | 1 | |a Drgová, Alexandra | |
| 700 | 1 | |a Ružičková, Oľga | |